000 01577nam a2200289 i 4500
001 180879
003 ES-MaACL
005 20250630161613.0
008 120802s2001 sp ac |||| |bspa d
020 _a84-451-2141-3
080 _a929Wilde, Oscar
080 _a821.111(417) Wilde, Oscar 1.07
245 0 0 _aCiclo de conferencias en torno a Oscar Wilde /
_ccoordinadores, Mauro Armiño y Andrés Peláez.
260 _aMadrid :
_bConsejería de Educación,
_c2001.
300 _a129 p. :
_bil. ;
_c24 cm.
504 _aReferencias bibliográficas.
505 8 _aContiene: ;
_tEn torno a Salomé /
_rNuria Espert, Mario Gas y Terenci Moix. --
_tWilde total /
_rLuis Antonio de Villena. --
_tSalomé, el concepto de la mujer fatal en la pintura española de fin de siglo /
_rBenito Navarrete Prieto. --
_tOscar Wilde en España, en el cambio de siglo /
_rJesús Rubio Jiménez. --
_tEl teatro de Oscar Wilde en España: 1940-1990 /
_rAndrés Peláez. --
_tUn final para Oscar Wilde: proceso, cárcel y balada /
_rMauro Armiño
530 _aDisponible: versión digital en la Biblioteca Virtual de la Consejería de Educación.
600 1 4 _aWilde, Oscar,
_d1854-1900
_9241147
600 0 4 _aSalomé (Personaje bíblico)-
_xEn la literatura.
_9151230
700 0 _aArmiño, Mauro,
_d1944-
_922987
700 1 _aPeláez, Andrés,
_d1968-
_9173171
710 1 _aMadrid (Comunidad Autónoma).
_bConsejería de Educación.
_95600
852 _aES-MaACL
_jA-12160
_9187756
_bR.148558
_cDEPO1
_dOlim: N-5165
942 _2udc
_cMONOGRAFIA
999 _c180879
_d180879